000 00867nam a2200313 i 4500
001 00000627
003 DO-SdBNP
005 20180126123631.0
007 00000627
008 870715s1983 sp spa
015 _a1988-ENE-1988-DIC-27041
020 _a8471765624
035 _a
040 _aBPMSU
_bspa
_cBPMSU
_e
041 _h
080 0 _a
100 1 _aMontgomery, R. A.
240 1 4 _aThe race forever
_lEspañol
245 1 3 _aEl gran rallye /
_h
_cR.A. Montgomery ; ilustraciones, Ralph Reese
250 _a
260 _aBarcelona :
_bTimun Mas,
_c1983
300 _a116 p.:
_bil.;
_c18 cm
490 1 _aElige tu propia aventura
_v7
700 1 _aReese, Ralph
_eil.
830 0 _a Elige tu propia aventura
_lEspañol
_v7
942 _2ddc
_cBK
945 _aInventariado, 2018/MFF
956 _aVMATEO
_b10
_c20160729
_dBPMSU
_f0069
999 _c11053
_d11053